Estimación de factores equivalentes de carga para la red vial básica mantenible del MTI

El objetivo de este trabajo es de presentar la estimación de factores equivalentes de carga para la red vial básica mantenible del MTI a partir de los reportes diarios de las siete estaciones pesadoras fijas del MTI, se creó un registro de factores equivalentes de carga por tramo de carretera, de...

Full description

Bibliographic Details
Main Authors: Matute Lira, Luis Felipe, López Vado, César Líen
Other Authors: Tutor: Zamora Lacayo, Aldo José
Format: Tesis Section = Libro
Language:Undetermined
Spanish
Published: Managua UNI 2008
Subjects:
LEADER 01339nam a2200277Ia 4500
008 240830s9999 xx 000 0 und d
040 |a BIBLIOTECA-RUPAP Mon 625.8 M445 
041 |a spa 
082 |a Mon 625.8 M445 
100 1 |a Matute Lira, Luis Felipe 
100 1 |b  López Vado, César Líen 
245 1 0 |a Estimación de factores equivalentes de carga para la red vial básica mantenible del MTI 
260 |a Managua  |b UNI  |c 2008 
300 |a p. irreg. :il. 
500 |a Contiene: anexos. 
502 |a Tesis (Ingeniero Civil)- UNI, 2008. 
520 3 |a El objetivo de este trabajo es de presentar la estimación de factores equivalentes de carga para la red vial básica mantenible del MTI a partir de los reportes diarios de las siete estaciones pesadoras fijas del MTI, se creó un registro de factores equivalentes de carga por tramo de carretera, de manera que sirva como base técnica para los diseños de pavimentos y conservación de los niveles de estudio y la elaboración de mapas de factores equivalentes de carga. 
650 7 |a PAVIEMENTOS 
650 7 |b CAMINOS-MANTENIMIENTO Y REPRACION 
650 7 |c MANTENIMIENTO DE RED VIAL 
650 7 |d PAVIMENTOS - CARRETERAS 
650 7 |e PAVIMENTOS DE HORMIGON 
700 1 |a Tutor:  |b Zamora Lacayo, Aldo José 
942 |c BK  |2 ddc 
991 |a TESIS 
999 |c 16037